| 000 | 00640cam a22002171a 4500 | ||
|---|---|---|---|
| 001 | sa 68015605 | ||
| 003 | DLC | ||
| 005 | 20260227112645.0 | ||
| 008 | 860429s1966 io 000 0 ind | ||
| 010 | _asa 68015605 | ||
| 035 | _a(OCoLC)23573090 | ||
| 040 |
_aDLC _cMiU _dMiDW _dDLC |
||
| 050 | 0 | 0 |
_aPL5093.C5 _bN5 |
| 100 | 1 |
_aNio, Joe Lan, _d1904-1973. |
|
| 245 | 1 | 0 |
_aAntologi sastera Tiongkok / _c[oleh] Nio Joe Lan. |
| 260 |
_aDjakarta : _bGunung Agung, _c1966. |
||
| 300 |
_a172 p. ; _c22 cm. |
||
| 500 | _aIn Indonesian. | ||
| 650 | 0 |
_aChinese literature _xTranslations into Indonesian. |
|
| 650 | 0 | _aChinese literature (Indonesian). | |
| 999 |
_c86553 _d86553 |
||